Main determinations of female entrepreneurs in the construction industry in Malaysia (Record no. 103920)

000 -LEADER
fixed length control field 00533pab a2200193 454500
008 - FIXED-LENGTH DATA ELEMENTS--GENERAL INFORMATION
fixed length control field 180718b2014 xxu||||| |||| 00| 0 eng d
100 ## - MAIN ENTRY--PERSONAL NAME
Personal name Jaafar, Mastura
245 ## - TITLE STATEMENT
Title Main determinations of female entrepreneurs in the construction industry in Malaysia
260 ## - PUBLICATION, DISTRIBUTION, ETC.
Date of publication, distribution, etc. 2014
300 ## - PHYSICAL DESCRIPTION
Extent p.76-86.
362 ## - DATES OF PUBLICATION AND/OR SEQUENTIAL DESIGNATION
Dates of publication and/or sequential designation Feb-Mar
650 ## - SUBJECT ADDED ENTRY--TOPICAL TERM
Topical term or geographic name entry element Construction industry
650 ## - SUBJECT ADDED ENTRY--TOPICAL TERM
Topical term or geographic name entry element Women in business
700 ## - ADDED ENTRY--PERSONAL NAME
Personal name Jalali, Alireza
700 ## - ADDED ENTRY--PERSONAL NAME
Personal name Othman, Raihanah
773 ## - HOST ITEM ENTRY
Main entry heading Project Management Journal
908 ## - PUT COMMAND PARAMETER (RLIN)
Put command parameter N
909 ## -
-- 103924
Holdings
Withdrawn status Lost status Damaged status Not for loan Permanent Location Current Location Date acquired Serial Enumeration / chronology Barcode Date last seen Price effective from Koha item type
        Indian Institute of Public Administration Indian Institute of Public Administration 2018-07-19 Volume no: 45, Issue no: 1 AR104384 2018-07-19 2018-07-19 Articles

Powered by Koha